[Event "Kirov Vyatki Cup 6th"]
[Site "Kirov"]
[Date "2017.08.24"]
[Round "7"]
[White "Shuljya, Alexander"]
[Black "Shipelov, Daniil"]
[Result "1/2-1/2"]
[WhiteElo "1815"]
[BlackElo "1809"]
[PlyCount "165"]
[EventDate "2017.08.17"]
[EventType "swiss"]
[EventRounds "7"]
[EventCountry "RUS"]
[SourceTitle "CBM 180 Extra"]
[Source "ChessBase"]
[SourceDate "2017.10.06"]
[SourceVersion "1"]
[SourceVersionDate "2017.10.06"]
[SourceQuality "1"]

1. d4 Nf6 2. Nc3 d5 3. Bg5 Nbd7 4. Nf3 h6 5. Bh4 e6 6. Bg3 Nh5 7. e4 Nxg3 8. hxg3 c6 9. e5 Qb6 10. Na4 Qa5+ 11. c3 b5 12. Nc5 Nxc5 13. b4 Qa3 14. bxc5 Qxc3+ 15. Ke2 Ba6 16. Qc1 Qa5 17. Kd1 Be7 18. Qc2 Qc7 19. Rb1 Bb7 20. Be2 a5 21. a3 Kd7 22. Qd2 Ba6 23. Kc2 Rab8 24. Rb3 a4 25. Rb4 Qa7 26. Kb2 Bd8 27. Qf4 Rf8 28. Ka2 Ba5 29. Rb2 b4 30. axb4 Bxe2 31. bxa5 Bc4+ 32. Ka1 Rxb2 33. Kxb2 a3+ 34. Ka1 Qxa5 35. Qd2 Qb5 36. Rb1 Qa4 37. Qb4 Qxb4 38. Rxb4 Kc7 39. Nd2 Bb5 40. Rb3 Ra8 41. Ka2 Ra4 42. Rxa3 Rxd4 43. Nf3 Ra4 44. Rxa4 Bxa4 45. Nd4 Kb7 46. Ka3 Bb5 47. g4 Bf1 48. g3 Bh3 49. f3 g6 50. Kb4 Bg2 51. Ka5 Bf1 52. f4 Bh3 53. g5 hxg5 54. fxg5 Bf5 55. Kb4 Bd3 56. Ka4 Ka6 57. Kb4 Bb5 58. g4 Kb7 59. Ka5 Bf1 60. Nf3 Be2 61. Nd4 Bxg4 62. Nc2 Bf5 63. Nd4 Bd3 64. Kb4 Bb5 65. Ka5 Kc7 66. Kb4 Ba6 67. Ka5 Bc8 68. Kb4 Bd7 69. Ne2 Be8 70. Nf4 Kb7 71. Ne2 Ka6 72. Nd4 Bd7 73. Nf3 Kb7 74. Nd4 Kc7 75. Ka5 Be8 76. Ka6 Kd7 77. Kb7 Ke7 78. Kc7 Bd7 79. Nf3 Ke8 80. Kd6 Kd8 81. Nd4 Be8 82. Nf3 Bd7 83. Nd4 1/2-1/2

[Event "Kirov Chudinovskikh Memoriail-A 4th"]
[Site "Kirov"]
[Date "2017.08.01"]
[Round "1"]
[White "Shipelov, Daniil"]
[Black "Ljashenko, Konstantin"]
[Result "1/2-1/2"]
[WhiteElo "1809"]
[BlackElo "2114"]
[PlyCount "118"]
[EventDate "2017.07.28"]
[EventType "swiss"]
[EventRounds "9"]
[EventCountry "RUS"]
[SourceTitle "EXT 2018"]
[Source "ChessBase"]
[SourceDate "2017.10.13"]
[SourceVersion "1"]
[SourceVersionDate "2017.10.13"]
[SourceQuality "1"]

1. d4 e6 2. e4 b6 3. Bd3 Bb7 4. Ne2 Nc6 5. c3 g6 6. Ng3 Bg7 7. Nd2 Nge7 8. Nf3 0-0 9. 0-0 a5 10. h4 h5 11. Bg5 f6 12. Bf4 Kh7 13. Re1 d6 14. Qc2 e5 15. Be3 Qc8 16. Qe2 Ba6 17. Bxa6 Qxa6 18. Qxa6 Rxa6 19. dxe5 Nxe5 20. Nxe5 fxe5 21. Bg5 Bf6 22. Bxf6 Rxf6 23. f3 Nc6 24. Nf1 Nd8 25. Ne3 Ne6 26. Nd5 Rf7 27. Rad1 Ra8 28. Kf2 Raf8 29. Ke3 Kh6 30. Rf1 Rb8 31. g4 g5 32. hxg5+ Nxg5 33. c4 Rbf8 34. f4 exf4+ 35. Rxf4 Rxf4 36. Nxf4 Re8 37. Nxh5 Rxe4+ 38. Kd3 Rxg4 39. Nf6 Rf4 40. Nd5 Rf7 41. Re1 Kg7 42. Re8 Rd7 43. Rc8 Ne6 44. Kc3 Kg6 45. b4 Rh7 46. a3 Kf5 47. Kb3 Nd4+ 48. Ka4 axb4 49. Kxb4 c5+ 50. Kc3 b5 51. Rf8+ Ke6 52. Re8+ Kf7 53. Re7+ Kg6 54. Rxh7 Kxh7 55. Nf6+ Kg6 56. Ne4 bxc4 57. Nxd6 Kf6 58. Nxc4 Nb5+ 59. Kb3 Nxa3 1/2-1/2

[Event "KIrov Arakelian Memorial 7th"]
[Site "Kirov"]
[Date "2017.05.14"]
[Round "3"]
[White "Shuljya, Alexander"]
[Black "Shipelov, Daniil"]
[Result "1/2-1/2"]
[WhiteElo "1752"]
[BlackElo "1821"]
[PlyCount "159"]
[EventDate "2017.05.12"]
[EventType "swiss"]
[EventRounds "9"]
[EventCountry "RUS"]
[SourceTitle "EXT 2018"]
[Source "ChessBase"]
[SourceDate "2017.10.13"]
[SourceVersion "1"]
[SourceVersionDate "2017.10.13"]
[SourceQuality "1"]

1. d4 e6 2. e4 d5 3. e5 c5 4. c3 Nc6 5. Nf3 Qb6 6. Be2 cxd4 7. cxd4 Bb4+ 8. Nc3 Nh6 9. a3 Be7 10. b4 Nf5 11. Na4 Qc7 12. Bb2 a6 13. 0-0 Bd7 14. Nc5 0-0 15. Rc1 Rfc8 16. Qd2 Bxc5 17. bxc5 b6 18. cxb6 Qxb6 19. Rc5 Rc7 20. Rfc1 Rac8 21. h3 Ncxd4 22. Rxc7 Nxf3+ 23. Bxf3 Rxc7 24. Rxc7 Qxc7 25. Qb4 Bb5 26. Bc3 h6 27. g4 Nh4 28. Bd1 Qc4 29. Qxc4 Bxc4 30. Kh2 Kf8 31. Kg3 Ng6 32. Bc2 Ne7 33. Kf4 Nc6 34. Ke3 Ke7 35. h4 f6 36. exf6+ gxf6 37. f4 e5 38. fxe5 fxe5 39. Bd2 Kf7 40. Ba4 Ne7 41. h5 Kf6 42. Kf3 Ng8 43. Bd7 Kg7 44. Be6 Nf6 45. Bb4 Ne4 46. Bf5 Ng5+ 47. Kf2 d4 48. Be7 Bd5 49. Bc8 a5 50. Bd8 a4 51. Bd7 Ne4+ 52. Ke2 d3+ 53. Ke3 d2 54. Bxa4 Nc3 55. Kxd2 Nxa4 56. Bc7 e4 57. Be5+ Kh7 58. Bd4 Be6 59. Ke3 Bxg4 60. Kxe4 Bxh5 61. Kf5 Bd1 62. Kf6 h5 63. Kg5 Kg8 64. Kh4 Kf7 65. Kg5 Ke6 66. Kh4 Kd5 67. Bg7 Kc4 68. Kg3 Kb3 69. Bf8 Nc3 70. Kh4 Nb5 71. Kg3 Nxa3 72. Be7 Nc4 73. Bd8 Kc3 74. Kh4 Kd3 75. Kg3 Ke4 76. Be7 Ne3 77. Bd8 Nf5+ 78. Kh3 Bg4+ 79. Kg2 h4 80. Bxh4 1/2-1/2

[Event "KIrov Arakelian Memorial 7th"]
[Site "Kirov"]
[Date "2017.05.12"]
[Round "1"]
[White "Bessonov, Arsenij"]
[Black "Shipelov, Daniil"]
[Result "0-1"]
[WhiteElo "1485"]
[BlackElo "1821"]
[PlyCount "140"]
[EventDate "2017.05.12"]
[EventType "swiss"]
[EventRounds "9"]
[EventCountry "RUS"]
[SourceTitle "EXT 2018"]
[Source "ChessBase"]
[SourceDate "2017.10.13"]
[SourceVersion "1"]
[SourceVersionDate "2017.10.13"]
[SourceQuality "1"]

1. e4 d6 2. Nc3 g6 3. Nge2 Bg7 4. g3 e5 5. Bg2 f5 6. d3 Nf6 7. 0-0 0-0 8. f4 Nc6 9. exf5 gxf5 10. Nd5 Ne7 11. Ne3 Ng4 12. Nxg4 fxg4 13. Rb1 c6 14. Bd2 Nd5 15. Kh1 Be6 16. a3 h5 17. Qc1 h4 18. fxe5 Rxf1+ 19. Bxf1 Bxe5 20. Bg5 Bf6 21. gxh4 Bxg5 22. hxg5 Qf8 23. Ng3 Nf4 24. c4 Nxd3 25. Qc2 Ne5 26. Ne4 Rd8 27. Nf6+ Kf7 28. Bd3 Qg7 29. Rf1 Ke7 30. g6 Nxg6 31. Bxg6 Rf8 32. Re1 Rxf6 33. Bf5 g3 34. Bxe6 Rxe6 35. Rxe6+ Kxe6 36. Qg2 Qd4 37. Qe2+ Kf5 38. Qf3+ Qf4 39. Qd3+ Kg4 40. Qg6+ Kf3 41. Qd3+ Kf2 42. Qc2+ Ke1 43. Qc3+ Ke2 44. Qc2+ Ke3 45. Qc1+ Ke4 46. Qc2+ Ke5 47. Qc3+ Ke6 48. Qe1+ Kd7 49. Qxg3 Qc1+ 50. Qg1 Qxb2 51. Qxa7 Qc1+ 52. Kg2 Qc2+ 53. Kh1 Qd1+ 54. Qg1 Qf3+ 55. Qg2 Qxa3 56. Qg7+ Kc8 57. Qf8+ Kc7 58. Qg7+ Kb6 59. Qd4+ Qc5 60. Qb2+ Ka6 61. Qa1+ Qa5 62. Qxa5+ Kxa5 63. h4 b5 64. cxb5 cxb5 65. h5 b4 66. h6 b3 67. h7 b2 68. h8Q b1Q+ 69. Kg2 Qe4+ 70. Kh3 Qh1+ 0-1

[Event "Kirov Vyatka Cup-B 4th"]
[Site "Kirov"]
[Date "2015.08.29"]
[Round "9"]
[White "Shipelov, Daniil"]
[Black "Malyshev, Evgeny2222"]
[Result "1/2-1/2"]
[WhiteElo "1840"]
[BlackElo "1780"]
[PlyCount "48"]
[EventDate "2015.08.21"]
[EventType "tourn"]
[EventRounds "9"]
[EventCountry "RUS"]
[SourceTitle "EXT 2022"]
[Source "ChessBase"]
[SourceDate "2021.10.06"]
[SourceVersion "1"]
[SourceVersionDate "2021.10.06"]
[SourceQuality "1"]

1. c4 Nf6 2. b3 c5 3. Bb2 g6 4. Nc3 Bg7 5. Nf3 0-0 6. g3 b6 7. Bg2 Bb7 8. 0-0 e6 9. e3 d5 10. cxd5 Nxd5 11. d4 cxd4 12. Nxd4 Nxc3 13. Bxc3 Bxg2 14. Kxg2 Qc7 15. Rc1 Qb7+ 16. Kg1 Nd7 17. Qf3 Qxf3 18. Nxf3 Rac8 19. Bxg7 Kxg7 20. Rfd1 Nf6 21. Ne5 Nd5 22. Nc4 Rc7 23. Nd6 Nc3 24. Kf1 Rc5 1/2-1/2

[Event "Kirov Vyatka Cup-B 4th"]
[Site "Kirov"]
[Date "2015.08.23"]
[Round "3"]
[White "Shipelov, Daniil"]
[Black "Ljashenko, Konstantin"]
[Result "0-1"]
[WhiteElo "1840"]
[BlackElo "2099"]
[PlyCount "88"]
[EventDate "2015.08.21"]
[EventType "tourn"]
[EventRounds "9"]
[EventCountry "RUS"]
[SourceTitle "EXT 2022"]
[Source "ChessBase"]
[SourceDate "2021.10.06"]
[SourceVersion "1"]
[SourceVersionDate "2021.10.06"]
[SourceQuality "1"]

1. Nf3 f5 2. c4 Nf6 3. Nc3 b6 4. g3 Bb7 5. Bg2 e6 6. d4 Bb4 7. 0-0 Bxc3 8. bxc3 0-0 9. Bf4 h6 10. Re1 d6 11. Qb3 Nc6 12. c5 d5 13. cxb6 cxb6 14. Ne5 Na5 15. Qa4 Rc8 16. Rac1 Ba6 17. f3 Bc4 18. e4 fxe4 19. fxe4 Nxe4 20. Rxe4 dxe4 21. Bxe4 g5 22. Be3 Rc7 23. Re1 Bd5 24. Bg6 Nc4 25. Ng4 Nxe3 26. Rxe3 Qd7 27. Qd1 Qg7 28. Be4 Rcf7 29. Bxd5 exd5 30. Re6 Rf1+ 31. Qxf1 Rxf1+ 32. Kxf1 Qf8+ 33. Rf6 Qa3 34. Rf3 Kg7 35. Ne3 Qxa2 36. Nf5+ Kg6 37. Ne7+ Kg7 38. Nf5+ Kh7 39. Ne7 Qb1+ 40. Kg2 Qe4 41. Nxd5 Qxd5 42. Kf2 a5 43. Re3 a4 44. Re5 Qd6 0-1